L'amore all'improvviso /

সংরক্ষণ করুন:
গ্রন্থ-পঞ্জীর বিবরন
প্রধান লেখক: Patti, Lorenzo
বিন্যাস: গ্রন্থ
ভাষা:ইতালিয়
প্রকাশিত: Genova : Liberodiscrivere, 2016
মালা:Il libro si libera ; 166
ট্যাগগুলো: ট্যাগ যুক্ত করুন
কোনো ট্যাগ নেই, প্রথমজন হিসাবে ট্যাগ করুন!

MARC

LEADER 00000nam a22000007i 4500
001 IT\ICCU\LIG\0257311
003 ItRI
005 20231215183516.0
008 170116s2016 it |||||| ||||| |||||c
020 |a 9788893390231 
040 |b ita  |c C 
041 7 |a ita  |2 ISO-639-2 
100 1 |a Patti, Lorenzo  |0 IT\ICCU\LIGV\001415 
245 1 2 |a L'amore all'improvviso /  |c Lorenzo Patti. 
260 |a Genova :  |b Liberodiscrivere,  |c 2016 
300 |a 142 p. ;  |c 21 cm 
830 3 |a Il libro si libera ;  |v 166  |0 IT\ICCU\LIG\0002545 
942 |2 ddc  |c BK 
952 |0 0  |1 0  |2 ddc  |4 0  |6 853_920000000000000_PAT_AMO  |7 1  |9 443  |a GE  |b GE  |d 2023-12-15  |l 0  |o 853.92 PAT AMO  |p 4861  |r 2023-12-15 18:35:54  |w 2023-12-15  |y BK 
981 1 |6 z01  |a i   |b xxxe  
982 1 |6 z01  |a n 
999 |c 347  |d 347